000 00692nam a2200205Ia 4500
003 GCL
008 140319s9999 xx 000 0 ara d
020 _a9223172977
040 _aGCL /
_cGCL
082 0 4 _aق
_b962.048
_bم س
100 1 _aمحسن محمد
245 1 0 _aسعد زغلول مولد ثورة بالوثائق البريطانية /
_cمحسن محمد
260 _aالقاهرة :
_bمكتبة غريب ،
_c1988
300 _a303 ص ؛
_c24 سم
650 0 4 _aمصر
650 0 4 _aالاحتلال البريطانى
650 0 4 _aالوثائق الدبلوماسية
650 0 4 _aمصر - تاريخ - العصر الحديث - ثورة 1919
942 _2ddc
_cBK
999 _c38429
_d38429